<?xml version="1.0" encoding="UTF-8"?>
<marc:record xmlns:marc="http://www.loc.gov/MARC21/slim">
   <marc:leader>00000nam a2200000 a 4500</marc:leader>
   <marc:datafield ind1="1" ind2=" " tag="100">
      <marc:subfield code="a">HABA. Käptn Pepe Schatz Ahoi!</marc:subfield>
      <marc:subfield code="4">aut</marc:subfield>
      <marc:subfield code="e">Verfasser/-in</marc:subfield>
   </marc:datafield>
   <marc:datafield ind1=" " ind2=" " tag="653">
      <marc:subfield code="a">Schatzkiste</marc:subfield>
   </marc:datafield>
   <marc:datafield ind1=" " ind2=" " tag="653">
      <marc:subfield code="a">Brettspiel</marc:subfield>
   </marc:datafield>
   <marc:datafield ind1=" " ind2=" " tag="653">
      <marc:subfield code="a">Schiff</marc:subfield>
   </marc:datafield>
   <marc:datafield ind1="0" ind2="0" tag="245">
      <marc:subfield code="a">HABA. Käptn Pepe Schatz Ahoi!</marc:subfield>
   </marc:datafield>
   <marc:datafield ind1="0" ind2="0" tag="245">
      <marc:subfield code="b">Legacy Spiel mit 8 geheimnisvollen Schatzkisten. Bringt das Schiff gemeinsam flott auf Kurs</marc:subfield>
   </marc:datafield>
   <marc:datafield ind1=" " ind2="1" tag="264">
      <marc:subfield code="a">Bad Rodach</marc:subfield>
      <marc:subfield code="b">Haba</marc:subfield>
      <marc:subfield code="c">2023</marc:subfield>
   </marc:datafield>
   <marc:datafield ind1="1" ind2=" " tag="520">
      <marc:subfield code="a">Bei diesem umfangreichen Legacy-Spiel ab 6 Jahren von HABA heißt es: Käpt&#x92;n Pepe, Schatz Ahoi!#Die Kinder suchen nach dem &#x84;Schatz der Sieben&#x93; und müssen Madame Goldzahn zuvorkommen#Das Abenteuerbuch mit 25 Kapiteln sorgt für spannende Spiel-Etappen á 20 Minuten#Piratenspiel mit 3D-Schiff, gefüllten Schatzkisten, Rudern und Crew-Figuren aus Holz, Schatzkarten und mehr als 100 Stickern#Das vertonte Abenteuer und noch mehr Spielideen warten hinter einem QR-Code auf wagemutige Seefaher/-innen</marc:subfield>
   </marc:datafield>
   <marc:datafield ind1=" " ind2=" " tag="041">
      <marc:subfield code="a">ger</marc:subfield>
   </marc:datafield>
   <marc:datafield ind1=" " ind2=" " tag="500">
      <marc:subfield code="a">Spieler: 2 - 5.</marc:subfield>
   </marc:datafield>
</marc:record>
